[Event "SLO-chT1 West"]
[Site "Slovenia"]
[Date "2018.10.14"]
[Round "6.5"]
[White "Petrovic, Nejc"]
[Black "Rozic, Samo"]
[Result "0-1"]
[WhiteElo "1931"]
[BlackElo "2175"]
[PlyCount "82"]
[EventDate "2018.09.28"]
[EventType "team-tourn"]
[EventRounds "9"]
[EventCountry "SLO"]
[SourceTitle "CBM 187 Extra"]
[Source "ChessBase"]
[SourceDate "2018.11.04"]
[SourceVersion "1"]
[SourceVersionDate "2018.11.04"]
[SourceQuality "1"]
[WhiteTeam "Gorenjka Lesce"]
[BlackTeam "Ig"]
[WhiteTeamCountry "SLO"]
[BlackTeamCountry "SLO"]

1. e4 e6 2. d4 d5 3. exd5 exd5 4. Bd3 Nc6 5. c3 Bd6 6. Ne2 Qh4 7. g3 Qd8 8. Nf4 Nf6 9. Qe2+ Qe7 10. Qxe7+ Nxe7 11. f3 c5 12. Kf2 0-0 13. dxc5 Bxc5+ 14. Be3 b6 15. Re1 Nc6 16. Nd2 g5 17. Ng2 Bxe3+ 18. Nxe3 Rd8 19. Nb3 d4 20. cxd4 Nxd4 21. Nxd4 Rxd4 22. Rad1 Kf8 23. Bf5 Rxd1 24. Rxd1 Be6 25. Bxe6 fxe6 26. Rd4 Rc8 27. Rc4 Rxc4 28. Nxc4 Nd5 29. Ne3 Nb4 30. a3 Nd3+ 31. Ke2 Nxb2 32. Kd2 Na4 33. Kd3 Ke7 34. Kd4 Nc5 35. Nc4 Nd7 36. Ke4 b5 37. Ne3 Kd6 38. f4 Nf6+ 39. Kd4 gxf4 40. gxf4 Nd5 41. Ng2 Nxf4 0-1

[Event "SLO-chT1 West"]
[Site "Slovenia"]
[Date "2018.10.13"]
[Round "5.5"]
[White "Marinsek, Tomaz"]
[Black "Petrovic, Nejc"]
[Result "1/2-1/2"]
[WhiteElo "2127"]
[BlackElo "1931"]
[PlyCount "113"]
[EventDate "2018.09.28"]
[EventType "team-tourn"]
[EventRounds "9"]
[EventCountry "SLO"]
[SourceTitle "CBM 187 Extra"]
[Source "ChessBase"]
[SourceDate "2018.11.04"]
[SourceVersion "1"]
[SourceVersionDate "2018.11.04"]
[SourceQuality "1"]
[WhiteTeam "Trebnje BMP"]
[BlackTeam "Gorenjka Lesce"]
[WhiteTeamCountry "SLO"]
[BlackTeamCountry "SLO"]

1. e4 d5 2. exd5 Qxd5 3. Nc3 Qd8 4. d4 Nf6 5. Nf3 Bg4 6. h3 Bh5 7. g4 Bg6 8. Ne5 Nbd7 9. f4 Nxe5 10. dxe5 Qxd1+ 11. Nxd1 Be4 12. Rh2 Nd7 13. Nc3 Bc6 14. Be3 a6 15. 0-0-0 e6 16. Rhd2 0-0-0 17. Bg2 Bxg2 18. Rxg2 Bc5 19. Bxc5 Nxc5 20. Rgd2 b5 21. b4 Nb7 22. Ne4 h6 23. Kb2 Rxd2 24. Rxd2 Rd8 25. Rxd8+ Kxd8 26. c4 Kd7 27. Kb3 Kc6 28. a4 bxa4+ 29. Kxa4 Kb6 30. f5 c5 31. Nd6 Nxd6 32. exd6 cxb4 33. c5+ Kc6 34. Kxb4 e5 35. Ka5 e4 36. Kxa6 e3 37. d7 Kxd7 38. Kb7 e2 39. c6+ Kd6 40. c7 e1Q 41. c8Q Qb4+ 42. Ka6 Qa4+ 43. Kb6 Qb3+ 44. Ka6 Qd3+ 45. Kb6 Qd4+ 46. Ka6 Qf6 47. Kb5 Qe5+ 48. Kb6 Ke7 49. Qg8 Qd6+ 50. Kb5 Qd7+ 51. Kc4 Kf6 52. Qf8 Qc7+ 53. Kd3 Qg3+ 54. Ke4 Qg2+ 55. Kf4 Qh2+ 56. Ke4 Qe2+ 57. Kf4 1/2-1/2

[Event "SLO-chT1 West"]
[Site "Slovenia"]
[Date "2016.12.09"]
[Round "7"]
[White "Petrovic, Nejc"]
[Black "Jelen, Miha"]
[Result "1/2-1/2"]
[WhiteElo "1921"]
[BlackElo "1887"]
[PlyCount "114"]
[EventDate "2016.11.11"]
[EventType "team-tourn"]
[EventRounds "9"]
[EventCountry "SLO"]
[SourceTitle "EXT 2018"]
[Source "ChessBase"]
[SourceDate "2017.10.13"]
[SourceVersion "1"]
[SourceVersionDate "2017.10.13"]
[SourceQuality "1"]
[WhiteTeam "Gorenjka Lesce"]
[BlackTeam "Ig"]
[WhiteTeamCountry "SLO"]
[BlackTeamCountry "SLO"]

1. e4 c5 2. Nf3 Nc6 3. d4 cxd4 4. Nxd4 g6 5. Nc3 Bg7 6. Be3 Nf6 7. f3 0-0 8. Qd2 d5 9. exd5 Nxd5 10. Nxd5 Qxd5 11. Nxc6 Qxc6 12. c3 Bf5 13. Rd1 Qc7 14. Be2 Rfd8 15. Qc1 Be6 16. 0-0 Bxa2 17. Rxd8+ Rxd8 18. Rd1 a6 19. Qa1 Rxd1+ 20. Qxd1 Be6 21. Qa4 Bd7 22. Qb4 Bc6 23. Bg5 Be5 24. Bxe7 Bxh2+ 25. Kh1 Qe5 26. Bf1 Bg3 27. Qg4 Qxe7 28. Qxg3 Qe3 29. Bc4 Qc5 30. Qf4 Qe7 31. Qd4 Qd7 32. Qe5 Qe8 33. Qf6 Bb5 34. Bd5 Qd7 35. Bb3 Ba4 36. Bc4 Bc2 37. Qe5 Bf5 38. Qb8+ Qc8 39. Qf4 Qe8 40. Qd6 Qd7 41. Qe5 h5 42. Bd5 b5 43. Kh2 Be6 44. Be4 Qe7 45. Qg3 Bc4 46. Qb8+ Kg7 47. Qb6 Qf6 48. Qc7 Qh4+ 49. Kg1 Qe1+ 50. Kh2 Qd2 51. Qe5+ Kg8 52. b4 Qd7 53. Qf6 Qc7+ 54. f4 Be6 55. Bxg6 fxg6 56. Qxe6+ Kg7 57. Qe3 Kh7 1/2-1/2

[Event "SLO-chT1 West"]
[Site "Ljubljana"]
[Date "2014.10.11"]
[Round "5"]
[White "Petrovic, Nejc"]
[Black "Skok, Joze"]
[Result "1/2-1/2"]
[WhiteElo "1950"]
[BlackElo "2016"]
[PlyCount "45"]
[EventDate "2014.10.03"]
[EventType "team-tourn"]
[EventRounds "9"]
[EventCountry "SLO"]
[SourceTitle "EXT 2019"]
[Source "ChessBase"]
[SourceDate "2018.10.10"]
[SourceVersion "1"]
[SourceVersionDate "2018.10.10"]
[SourceQuality "1"]
[WhiteTeam "Gorenjka Lesce"]
[BlackTeam "Domzale"]
[WhiteTeamCountry "SLO"]
[BlackTeamCountry "SLO"]

1. e4 c6 2. d4 d5 3. exd5 cxd5 4. Bb5+ Nc6 5. Nf3 Bg4 6. 0-0 Nf6 7. Bf4 e6 8. Nbd2 Bd6 9. Bxd6 Qxd6 10. h3 Bh5 11. Re1 0-0 12. c3 Rac8 13. Be2 Rfe8 14. Nb3 Ne4 15. Ne5 Bxe2 16. Qxe2 f6 17. Nxc6 Qxc6 18. Nd2 Nxd2 19. Qxd2 Qd6 20. Re3 Re7 21. Rd1 Rce8 22. a3 a6 23. Qe2 1/2-1/2

[Event "SLO-chT1 West"]
[Site "Ljubljana"]
[Date "2013.10.20"]
[Round "6"]
[White "Kejzar, Petra"]
[Black "Petrovic, Nejc"]
[Result "1-0"]
[WhiteElo "1811"]
[BlackElo "1965"]
[PlyCount "107"]
[EventDate "2013.09.27"]
[EventType "team-tourn"]
[EventRounds "9"]
[EventCountry "SLO"]
[SourceTitle "EXT 2019"]
[Source "ChessBase"]
[SourceDate "2018.10.10"]
[SourceVersion "1"]
[SourceVersionDate "2018.10.10"]
[SourceQuality "1"]
[WhiteTeam "Kranj Tomo Zupan"]
[BlackTeam "Gorenjka Lesce"]
[WhiteTeamCountry "SLO"]
[BlackTeamCountry "SLO"]

1. d4 d6 2. e4 Nf6 3. Nc3 g6 4. Nf3 c6 5. a4 a5 6. Bc4 Bg7 7. 0-0 0-0 8. h3 d5 9. exd5 cxd5 10. Bd3 Nc6 11. Nb5 Nb4 12. Be2 Bf5 13. c3 Nc6 14. Bf4 Na7 15. Bc7 Qc8 16. Bb6 Nc6 17. Bc5 Nd7 18. Ba3 Re8 19. Rc1 Bh6 20. Ra1 Na7 21. Re1 Bf8 22. Qd2 Nf6 23. Qf4 Nxb5 24. Bxb5 Bd7 25. Bxd7 Qxd7 26. Ne5 Qf5 27. Qxf5 gxf5 28. Re3 Ne4 29. Nd7 Bh6 30. Re2 Rad8 31. Nc5 b6 32. Nd3 f6 33. f3 Nd6 34. Rae1 Kf7 35. Re6 Rd7 36. Bxd6 Rxd6 37. Rxd6 exd6 38. Rxe8 Kxe8 39. Kf2 Kd7 40. f4 Kc6 41. Kf3 Kd7 42. Ne1 Ke6 43. Nc2 Bf8 44. Ne3 Bg7 45. g4 fxg4+ 46. hxg4 Bh6 47. f5+ Kf7 48. Nxd5 Bc1 49. b3 Bb2 50. Ke4 Kg7 51. c4 Kh6 52. Nxf6 Kg5 53. Nxh7+ Kxg4 54. f6 1-0

[Event "SLO-chT1 West"]
[Site "Ljubljana"]
[Date "2013.09.27"]
[Round "1"]
[White "Jansa, Andrej"]
[Black "Petrovic, Nejc"]
[Result "1-0"]
[WhiteElo "2006"]
[BlackElo "1965"]
[PlyCount "89"]
[EventDate "2013.09.27"]
[EventType "team-tourn"]
[EventRounds "9"]
[EventCountry "SLO"]
[SourceTitle "EXT 2019"]
[Source "ChessBase"]
[SourceDate "2018.10.10"]
[SourceVersion "1"]
[SourceVersionDate "2018.10.10"]
[SourceQuality "1"]
[WhiteTeam "Kocevje"]
[BlackTeam "Gorenjka Lesce"]
[WhiteTeamCountry "SLO"]
[BlackTeamCountry "SLO"]

1. e4 d6 2. d4 Nf6 3. Nc3 g6 4. f4 Bg7 5. Nf3 c6 6. Bd3 b5 7. Ne2 Bg4 8. Be3 Qa5+ 9. c3 Nbd7 10. h3 Bxf3 11. gxf3 b4 12. Kf2 bxc3 13. bxc3 Rb8 14. Qc2 c5 15. Rag1 Qc7 16. Qd2 e5 17. fxe5 dxe5 18. h4 Nh5 19. d5 c4 20. Bb1 Nc5 21. Rg5 Bf6 22. Rg4 Be7 23. Rd1 Nf6 24. d6 Nxg4+ 25. fxg4 Bxd6 26. Qxd6 Qxd6 27. Rxd6 Rxb1 28. Bxc5 0-0 29. Rd5 Re8 30. a3 Rb5 31. Bxa7 Rxd5 32. exd5 Ra8 33. Bb6 Ra6 34. Bc7 Kf8 35. Ng3 Ke8 36. d6 Kd7 37. Ne4 Kc8 38. Nf6 h6 39. a4 Kb7 40. a5 Kc6 41. Ke3 Ra8 42. Ke4 h5 43. g5 Ra7 44. Kxe5 Rb7 45. Bb6 1-0

[Event "SLO-chT1 West"]
[Site "Ljubljana"]
[Date "2012.09.30"]
[Round "6.6"]
[White "Skok, Boris"]
[Black "Petrovic, Nejc"]
[Result "1/2-1/2"]
[WhiteElo "2015"]
[BlackElo "1955"]
[PlyCount "40"]
[EventDate "2012.09.21"]
[EventType "team-tourn"]
[EventRounds "9"]
[EventCountry "SLO"]
[SourceTitle "EXT 2022"]
[Source "ChessBase"]
[SourceDate "2021.10.06"]
[SourceVersion "1"]
[SourceVersionDate "2021.10.06"]
[SourceQuality "1"]
[WhiteTeam "Komenda SK"]
[BlackTeam "Gorenjka Lesce"]
[WhiteTeamCountry "SLO"]
[BlackTeamCountry "SLO"]

1. d4 d6 2. Nf3 Nf6 3. c4 g6 4. Nc3 Bg7 5. e4 0-0 6. Be2 c5 7. 0-0 cxd4 8. Nxd4 Nc6 9. Be3 a6 10. h3 Bd7 11. Qd2 Rc8 12. Rac1 Qa5 13. Nb3 Qd8 14. Rfd1 Na5 15. Nxa5 Qxa5 16. Nd5 Qxd2 17. Nxe7+ Kh8 18. Bxd2 Rce8 19. Nd5 Nxd5 20. cxd5 Rxe4 1/2-1/2

[Event "SLO-chT1 West"]
[Site "Ljubljana"]
[Date "2010.10.09"]
[Round "5.6"]
[White "Kerma, Simon"]
[Black "Petrovic, Nejc"]
[Result "1/2-1/2"]
[WhiteElo "2138"]
[BlackElo "1949"]
[PlyCount "73"]
[EventDate "2010.09.24"]
[EventType "team-tourn"]
[EventRounds "9"]
[EventCountry "SLO"]
[SourceTitle "CBM 138 Extra"]
[Source "ChessBase"]
[SourceDate "2010.10.29"]
[SourceVersion "1"]
[SourceVersionDate "2010.10.29"]
[SourceQuality "1"]
[WhiteTeam "Koper"]
[BlackTeam "Gorenjka Lesce"]
[WhiteTeamCountry "SLO"]
[BlackTeamCountry "SLO"]

1. d4 d5 2. Nf3 Nf6 3. c3 Bf5 4. Bg5 e6 5. Nbd2 c5 6. e3 Nc6 7. Ne5 Qb6 8. g4 Bg6 9. Qb3 Qxb3 10. axb3 Nxe5 11. dxe5 Nd7 12. Bb5 a6 13. f4 Be7 14. Bxe7 Kxe7 15. Bxd7 Kxd7 16. Ke2 f6 17. exf6 gxf6 18. h4 h6 19. Rhg1 Rag8 20. Ra5 Bf5 21. Kf3 Rg7 22. e4 dxe4+ 23. Nxe4 Bxe4+ 24. Kxe4 f5+ 25. Ke5 fxg4 26. Rxc5 Rf8 27. Rd1+ Ke8 28. Rc8+ Kf7 29. Rxf8+ Kxf8 30. Kxe6 Re7+ 31. Kf5 h5 32. Kg6 Rg7+ 33. Kf6 Rf7+ 34. Kg5 Rg7+ 35. Kf6 Rf7+ 36. Kg5 Rg7+ 37. Kf6 1/2-1/2

[Event "SLO-chT1 West"]
[Site "Ljubljana"]
[Date "2008.11.15"]
[Round "3.6"]
[White "Skrinjar, Matic"]
[Black "Petrovic, Nejc"]
[Result "1/2-1/2"]
[WhiteElo "1874"]
[BlackElo "1922"]
[PlyCount "72"]
[EventDate "2008.11.13"]
[EventType "tourn"]
[EventRounds "9"]
[EventCountry "SLO"]
[SourceTitle "EXT 2010"]
[Source "ChessBase"]
[SourceDate "2010.11.25"]
[SourceVersion "1"]
[SourceVersionDate "2010.11.25"]
[SourceQuality "1"]
[WhiteTeam "Nova Gorica"]
[BlackTeam "Gorenjka Lesce"]
[WhiteTeamCountry "SLO"]
[BlackTeamCountry "SLO"]

1. e4 d6 2. d4 Nf6 3. Nc3 g6 4. Be3 c6 5. Bd3 b5 6. f3 Nbd7 7. Qd2 Nb6 8. Nge2 Be6 9. d5 cxd5 10. Bxb5+ Bd7 11. Bxd7+ Qxd7 12. Bxb6 axb6 13. exd5 Bg7 14. 0-0 0-0 15. Rfe1 b5 16. a3 Qb7 17. Rad1 b4 18. axb4 Qxb4 19. b3 Rfc8 20. Na4 Qxd2 21. Rxd2 Bh6 22. f4 Ra5 23. c4 Rb8 24. Rd3 Ra7 25. Nd4 Rab7 26. g3 Bg7 27. Nb5 Kf8 28. h3 Ne8 29. Nac3 Nc7 30. Nxc7 Rxc7 31. Rb1 Rb4 32. Nb5 Rcxc4 33. bxc4 Rxb1+ 34. Kg2 Rb4 35. Ra3 Bf6 36. Ra8+ Kg7 1/2-1/2

[Event "SLO-chT2"]
[Site "Ljubljana"]
[Date "2007.11.24"]
[Round "7.6"]
[White "Djuric, Petar2"]
[Black "Petrovic, Nejc"]
[Result "1/2-1/2"]
[WhiteElo "1583"]
[BlackElo "1913"]
[PlyCount "101"]
[EventDate "2007.11.15"]
[EventType "team-tourn"]
[EventRounds "9"]
[EventCountry "SLO"]
[SourceTitle "CBM 121 Extra"]
[Source "ChessBase"]
[SourceDate "2008.01.10"]
[SourceVersion "1"]
[SourceVersionDate "2008.01.10"]
[SourceQuality "1"]
[WhiteTeam "Kranj Stari Mayr"]
[BlackTeam "Kocevje"]
[WhiteTeamCountry "SLO"]
[BlackTeamCountry "SLO"]

1. f4 d5 2. Nf3 Nf6 3. g3 Bf5 4. Bg2 e6 5. 0-0 Nc6 6. d3 Qd6 7. Nc3 h5 8. Nh4 0-0-0 9. h3 Be7 10. e3 Rdg8 11. e4 dxe4 12. dxe4 Qxd1 13. Rxd1 Bc5+ 14. Kf1 Bh7 15. e5 Nd7 16. Ne4 Be7 17. c3 Nc5 18. Nxc5 Bxc5 19. Bxc6 bxc6 20. Ke2 Be4 21. Be3 Bb6 22. Bxb6 cxb6 23. Ke3 Bd5 24. f5 g5 25. Nf3 exf5 26. Rf1 g4 27. Nd4 Be6 28. Nxf5 Bxf5 29. Rxf5 gxh3 30. Kf3 h4 31. g4 Rh7 32. Rh1 Rhg7 33. Rf4 Kd7 34. Rxh3 Ke6 35. Rxh4 Kxe5 36. Rh5+ Ke6 37. Re4+ Kd6 38. b4 Rg5 39. Rh6+ R8g6 40. Rh8 f5 41. Rd4+ Ke6 42. Re8+ Kf7 43. Ra8 fxg4+ 44. Kg3 a5 45. bxa5 Rxa5 46. Rxa5 bxa5 47. Rxg4 Rxg4+ 48. Kxg4 Ke6 49. Kf4 Kd5 50. Ke3 a4 51. Kd3 1/2-1/2

[Event "SLO-chT U20"]
[Site "Otocec"]
[Date "2006.08.20"]
[Round "3"]
[White "Mar, Karmen"]
[Black "Petrovic, Nejc"]
[Result "1-0"]
[WhiteElo "2109"]
[BlackElo "1934"]
[PlyCount "43"]
[EventDate "2006.08.19"]
[EventType "team-tourn"]
[EventRounds "9"]
[EventCountry "SLO"]
[SourceTitle "EXT 2007"]
[Source "ChessBase"]
[SourceDate "2006.11.23"]
[SourceVersion "1"]
[SourceVersionDate "2006.11.23"]
[SourceQuality "1"]

1. e4 d6 2. d4 Nf6 3. Nc3 g6 4. Be3 c6 5. Qd2 b5 6. Bd3 Nbd7 7. Nf3 Bb7 8. 0-0 Ng4 9. Bg5 f6 10. Bf4 e5 11. h3 exf4 12. hxg4 g5 13. Rfe1 Qc7 14. e5 dxe5 15. dxe5 Nxe5 16. Nxe5 fxe5 17. Rxe5+ Qxe5 18. Re1 Qxe1+ 19. Qxe1+ Be7 20. Qe5 Kf7 21. Qf5+ Ke8 22. Nxb5 1-0

[Event "SLO-chT U20"]
[Site "Otocec"]
[Date "2006.08.19"]
[Round "1"]
[White "Miletic, Dean"]
[Black "Petrovic, Nejc"]
[Result "1-0"]
[WhiteElo "2148"]
[BlackElo "1934"]
[PlyCount "47"]
[EventDate "2006.08.19"]
[EventType "team-tourn"]
[EventRounds "9"]
[EventCountry "SLO"]
[SourceTitle "EXT 2007"]
[Source "ChessBase"]
[SourceDate "2006.11.23"]
[SourceVersion "1"]
[SourceVersionDate "2006.11.23"]
[SourceQuality "1"]

1. e4 d6 2. d4 Nf6 3. Nc3 g6 4. f4 Bg7 5. Nf3 c6 6. Bd3 Qb6 7. e5 dxe5 8. fxe5 Nd5 9. 0-0 Bg4 10. Kh1 0-0 11. Be4 Nxc3 12. bxc3 Nd7 13. h3 Bxf3 14. Qxf3 f5 15. Bd5+ Kh8 16. Be6 Qc7 17. Rb1 Nb6 18. h4 f4 19. Bxf4 Nd5 20. g3 Bh6 21. Bxh6 Rxf3 22. Rxf3 Qd8 23. Rbf1 Nc7 24. Bb3 1-0

[Event "SLO-chT U20"]
[Site "Sentjur"]
[Date "2005.08.27"]
[Round "9"]
[White "Banko, Simon"]
[Black "Petrovic, Nejc"]
[Result "1/2-1/2"]
[WhiteElo "1500"]
[BlackElo "1914"]
[PlyCount "22"]
[EventDate "2005.08.21"]
[EventType "team-tourn"]
[EventRounds "9"]
[EventCountry "SLO"]
[SourceTitle "EXT 2008"]
[Source "ChessBase"]
[SourceDate "2007.11.25"]
[SourceVersion "1"]
[SourceVersionDate "2007.11.25"]
[SourceQuality "1"]

1. e4 Nf6 2. e5 Nd5 3. c4 Nb6 4. d4 d6 5. Nf3 Nc6 6. exd6 exd6 7. d5 Ne5 8. Nxe5 dxe5 9. Nc3 Bc5 10. f4 exf4 11. Qe2+ Qe7 1/2-1/2

[Event "SLO-chT U20"]
[Site "Sentjur"]
[Date "2005.08.26"]
[Round "8"]
[White "Petrovic, Nejc"]
[Black "Skrlep, Jaka"]
[Result "1/2-1/2"]
[WhiteElo "1914"]
[BlackElo "1961"]
[PlyCount "55"]
[EventDate "2005.08.21"]
[EventType "team-tourn"]
[EventRounds "9"]
[EventCountry "SLO"]
[SourceTitle "EXT 2008"]
[Source "ChessBase"]
[SourceDate "2007.11.25"]
[SourceVersion "1"]
[SourceVersionDate "2007.11.25"]
[SourceQuality "1"]

1. b3 d5 2. Bb2 c5 3. e3 e6 4. Nf3 Nf6 5. d4 Nc6 6. Bb5 Bd7 7. Nbd2 Be7 8. c4 0-0 9. Bxc6 Bxc6 10. Qc2 Rc8 11. dxc5 Bxc5 12. Ng5 d4 13. exd4 Bxd4 14. 0-0 h6 15. Bxd4 Qxd4 16. Ngf3 Qg4 17. h3 Qh5 18. Rfe1 Qc5 19. Ne5 Rfd8 20. Rad1 Rd6 21. Nxc6 Qxc6 22. Nf3 Rcd8 23. Kf1 Kf8 24. Rxd6 Qxd6 25. Ke2 Ke7 26. Qd2 Qb6 27. Qc2 Qd6 28. Qd2 1/2-1/2

[Event "SLO-chT U20"]
[Site "Nova Gorica"]
[Date "2004.08.22"]
[Round "2"]
[White "Rozic, Vesna"]
[Black "Petrovic, Nejc"]
[Result "1/2-1/2"]
[WhiteElo "2187"]
[BlackElo "1928"]
[PlyCount "68"]
[EventDate "2004.08.21"]
[EventType "team-tourn"]
[EventRounds "9"]
[EventCountry "SLO"]
[SourceTitle "EXT 2009"]
[Source "ChessBase"]
[SourceDate "2008.11.26"]
[SourceVersion "1"]
[SourceVersionDate "2008.11.26"]
[SourceQuality "1"]

1. d4 d5 2. Nf3 Nf6 3. Bf4 Nc6 4. c3 Bf5 5. Nbd2 e6 6. e3 Bd6 7. Bg3 Ne4 8. Nxe4 Bxe4 9. Be2 0-0 10. 0-0 Ne7 11. Nd2 Bg6 12. c4 c6 13. Nf3 f6 14. a3 Nf5 15. Bxd6 Nxd6 16. Nd2 Ne4 17. Nxe4 Bxe4 18. f3 Bg6 19. f4 Be4 20. b4 dxc4 21. Bxc4 Bd5 22. Bd3 f5 23. Qe2 Qb6 24. Rfc1 a5 25. b5 cxb5 26. Bxb5 Rac8 27. Bd3 Rc7 28. Rab1 Qd6 29. Qb2 Rfc8 30. h3 Rxc1+ 31. Rxc1 Rxc1+ 32. Qxc1 Qc6 33. Qb2 Kf7 34. Bb5 Qc7 1/2-1/2

[Event "SLO-chT U20"]
[Site "Novo Mesto"]
[Date "2003.08.28"]
[Round "7"]
[White "Petrovic, Nejc"]
[Black "Volf, Ziga"]
[Result "0-1"]
[WhiteElo "1764"]
[BlackElo "1612"]
[PlyCount "60"]
[EventDate "2003.08.23"]
[EventType "team"]
[EventRounds "7"]
[EventCountry "SLO"]
[SourceTitle "EXT 2005"]
[Source "ChessBase"]
[SourceDate "2004.11.15"]
[SourceVersion "1"]
[SourceVersionDate "2004.11.15"]
[SourceQuality "1"]

1. e4 e6 2. d4 d5 3. exd5 exd5 4. Bd3 Nf6 5. c3 c6 6. Ne2 Bg4 7. f3 Bh5 8. Bf4 Bd6 9. Bxd6 Qxd6 10. Ng3 0-0 11. 0-0 Bg6 12. Bxg6 hxg6 13. Nd2 Nbd7 14. Nb3 Rae8 15. Qd2 Nb6 16. Na5 Nc4 17. Nxc4 dxc4 18. Rfe1 Rxe1+ 19. Rxe1 Rd8 20. Ne4 Qd5 21. Nxf6+ gxf6 22. Qf4 c5 23. Qxf6 cxd4 24. Re5 d3 25. Qg5 Qxe5 26. Qxd8+ Kg7 27. Kf2 Qe2+ 28. Kg3 Qe3 29. Qd6 d2 30. Kh3 Qe6+ 0-1

[Event "SLO-chT2"]
[Site "Slovenia"]
[Date "2003.06.04"]
[Round "4"]
[White "Petrovic, Nejc"]
[Black "Lendero, Ladislav"]
[Result "1/2-1/2"]
[WhiteElo "1783"]
[BlackElo "1748"]
[PlyCount "44"]
[EventDate "2003.05.02"]
[EventType "team-tourn"]
[EventRounds "9"]
[EventCountry "SLO"]
[SourceTitle "EXT 2005"]
[Source "ChessBase"]
[SourceDate "2004.11.15"]
[SourceVersion "1"]
[SourceVersionDate "2004.11.15"]
[SourceQuality "1"]

1. e4 c6 2. d4 d5 3. Nc3 dxe4 4. Nxe4 Bf5 5. Ng3 Bg6 6. Nf3 Nd7 7. Bf4 Ngf6 8. c4 e6 9. Bd3 Qa5+ 10. Bd2 Bb4 11. Bxb4 Qxb4+ 12. Qd2 Qxd2+ 13. Kxd2 0-0-0 14. Bxg6 hxg6 15. Kc3 Ng4 16. Ne4 Ndf6 17. Nxf6 gxf6 18. Raf1 e5 19. h3 exd4+ 20. Nxd4 Ne5 21. Rd1 Rh4 22. b3 a6 1/2-1/2

[Event "SLO-chT2"]
[Site "Slovenia"]
[Date "2003.05.02"]
[Round "2"]
[White "Petrovic, Nejc"]
[Black "Nikolic, Stanko"]
[Result "1/2-1/2"]
[WhiteElo "1783"]
[BlackElo "2057"]
[PlyCount "91"]
[EventDate "2003.05.02"]
[EventType "team-tourn"]
[EventRounds "9"]
[EventCountry "SLO"]
[SourceTitle "EXT 2005"]
[Source "ChessBase"]
[SourceDate "2004.11.15"]
[SourceVersion "1"]
[SourceVersionDate "2004.11.15"]
[SourceQuality "1"]

1. e4 c5 2. Nf3 Nc6 3. d4 cxd4 4. Nxd4 Qb6 5. Nxc6 dxc6 6. Nc3 e5 7. Bc4 Nf6 8. Bb3 Bb4 9. Bd2 Bg4 10. f3 Bh5 11. Qe2 0-0-0 12. 0-0-0 Qc7 13. Qc4 Rd4 14. Qe2 Rhd8 15. Nb1 Bxd2+ 16. Rxd2 b5 17. Rhd1 Qb6 18. h4 Bg6 19. g4 h5 20. g5 Ne8 21. c3 Rxd2 22. Rxd2 Nd6 23. Qf2 Qxf2 24. Rxf2 Nb7 25. Rd2 Nc5 26. Bc2 Ne6 27. Kd1 Nf4 28. Ke1 Rxd2 29. Nxd2 Ng2+ 30. Kf2 Nf4 31. Nb3 Kc7 32. Nc5 f6 33. gxf6 gxf6 34. Nd3 Ne6 35. Bb3 Nd8 36. Ke3 Kd6 37. f4 c5 38. f5 Be8 39. Bd5 Nf7 40. Nf2 Nh6 41. Bb3 a5 42. Bd1 a4 43. Nh1 b4 44. c4 a3 45. b3 Bf7 46. Nf2 1/2-1/2